000 01089nam a2200253 4500
001 166824
003 ES-MaACL
005 20260209164758.0
008 950112s1867 sp af |||| | spa d
040 _aEUS
_bspa
_cEUS
100 1 _aV. S. F.
_9133474
245 1 0 _aAfrica en el siglo XIX /
_cpor V. S. F.
250 _a1ªed. española
_bbajo la dirección de Joaquín Maldonado.
260 _aMadrid :
_bRubio y Compañía,
_c1867 (
_fImprenta a cargo de J. E. Morete)
300 _aX, 191 p., [2] h. de lám. ;
_c34 cm.
490 1 _aColección de Historias y Memorias Contemporáneas / dirigida y adicionada por César Cantu ;
_v3
597 _aTexto a dos col.
651 7 _aÁfrica Septentrional-
_xHistoria
_2
_9137012
700 1 _aCantù, Cesare,
_d1804-1895
_934697
700 1 _aMaldonado Macanaz, Joaquín,
_d1833-1901
_975733
830 0 0 _aColección de historias y memorias contemporáneas
_v3
_9187832
852 _aES-MaACL
_jC-1786(2)
_z-- Enc. hol.
_x-- Edic.: La pág. es 191 p., [2] h. de lám. (a la pag. X le sucede la 11)
999 _c166824
_d166824